CINDERELLA (Record no. 7502)
[ view plain ]
| 000 -LEADER | |
|---|---|
| fixed length control field | 00180nam a22000977a 4500 |
| 082 ## - DEWEY DECIMAL CLASSIFICATION NUMBER | |
| Classification number | 823 |
| Item number | UNK/C |
| 100 ## - MAIN ENTRY--AUTHOR NAME | |
| Personal name | UNKNOWN |
| 245 ## - TITLE STATEMENT | |
| Title | CINDERELLA |
| 650 ## - SUBJECT ADDED ENTRY--TOPICAL TERM | |
| Topical Term | ENGLISH STORY |
| 942 ## - ADDED ENTRY ELEMENTS (KOHA) | |
| Koha item type | Books |
| Withdrawn status | Lost status | Collection code | Home library | Current library | Date acquired | Source of acquisition | Full call number | Accession Number | Koha item type |
|---|---|---|---|---|---|---|---|---|---|
| Withdrawn | Damaged Item | Fiction | Main Library | Main Library | 07/03/2002 | purchase | 823 UNK/C | 00605 | Books |
| Withdrawn | Damaged Item | Fiction | Main Library | Main Library | 18/03/2014 | 823 UNK/C | 06739 | Books | |
| Withdrawn | Damaged Item | Fiction | Main Library | Main Library | 01/11/2012 | 823 UNK/C | 07184 | Books | |
| Withdrawn | Damaged Item | Fiction | Main Library | Main Library | 01/11/2012 | 823 UNK/C | 07185 | Books |